000 00622nam a2200181 i 4500
001 97947
003 ES-MaACL
005 20231229063024.0
007 t|
008 050721s1943 sp ||||1| spa d
100 1 _aMarín Pérez, Pascual,
_d1917-1991
_976809
245 1 0 _aSobre la naturaleza jurídica de la posesión en el Derecho Español /
_cDr. Pascual Marín Pérez.
260 _aMadrid :
_bInstituto Editorial Reus,
_c1943.
300 _a32 p. ;
_c23 cm.
500 _aSeparata de Rev. de Leg. y Jurisprudencia. Septiembre. 1943.
852 _aES-MaACL
_j1839-F-24
_bR.20926
999 _c97947
_d97947